1720 1708 1183 1548 1490 1674 1044 1374 1210 1291 1537 1546 1710 1220 1986 1766 1181 1201 1561 1581 1674 1255 1336 1732 1319 1796 1282 1327 1031 1572 1179 1723 1811 1727 1674 1422 1562 1064 1306 1445 1821 1482 1582 1095 1358 1631 1005 1899 1279 1187 1933 1299 1286 1393 1160 1218 1078 1083 1510 1274 1847 1405 1260 1668 1928 1492 1464 1354 1154 1343 1585 1296 1263 1324 1558 1641 1504 1256 1349 1303 1779 1137 1586 1994 1239 1056 1900 1487 1731 1936 1409 1694 1623 1678 1875 1250 1777 1897 1879 BCNSPRNW ULIB Ver.6.0+V

เปลี่ยนเป็นภาษาไทย

Change to English
 แสดงรายละเอียดบรรณานุกรม
  กลับหน้าหลัก

Brief Record : Get Marc (ISO 2709) : E-mail record : QR code < ปิดหน้าต่าง
LEADER : 00000nam 2200000uu 4500
001    13399123830
003     ULIB
008    141202s2556||||th 000 0 tha d
020    ^a9786162921643
060    ^aWB305^bธ676อ
100 0  ^aธีระวุฒิ ปัญญา
245 10 ^a3 ศาสตร์ ขจัดโรคออฟฟิศซินโดรม=^bBeat office syndrome with 3 alternative therapies./^cธีระวุฒิ ปัญญา
246 0  ^aBeat office syndrome with 3 alternative therapies
250    ^aพิมพ์ครั้งที่ 1.
260    ^aกรุงเทพฯ :^bฐานบัณฑิต,^c2556.
300    ^a127 หน้า :^bภาพประกอบ
650  7 ^aการนวดสรีระ
650  7 ^aกายภาพบำบัด
650  7 ^aกัวซา
945    ^p135^l0^i22289
945    ^p135^l0^i22290
999    ^aทศพร เกษรทอง
รายการนี้ยังไม่มีแท็ก
คุณยังไม่ได้ล็อกอิน คุณสามารถมีกิจกรรมร่วมกับเว็บไซต์ได้ แต่ต้องล็อกอินก่อน ::
  ล็อกอิน

รายการสื่อสารสนเทศ

ลำดับที่ ประเภท เลขเรียก/บาร์โค้ด สถานที่ สถานะ
1. วิทยาศาสตร์การแพทย์ และสุขภาพ
วิทยาศาสตร์การแพทย์ และสุขภาพ
สถานะ=หนังสือเก่า
WB305 ธ676อ ฉ.1 
  Barcode: 22289
ห้องสมุดวิทยาเขตนครสวรรค์
►ส่วนจัดเก็บหนังสือเก่า นว.
บนชั้น
  ขอยืม
2. วิทยาศาสตร์การแพทย์ และสุขภาพ
วิทยาศาสตร์การแพทย์ และสุขภาพ
สถานะ=หนังสือเก่า
WB305 ธ676อ ฉ.2 
  Barcode: 22290
ห้องสมุดวิทยาเขตนครสวรรค์
►ส่วนจัดเก็บหนังสือเก่า นว.
บนชั้น
  ขอยืม

รายการใกล้เคียง
    ผู้แต่ง [ธีระวุฒิ ปัญญา]

    หัวเรื่อง [การนวดสรีระ]
    หัวเรื่อง [กายภาพบำบัด]
    หัวเรื่อง [กัวซา]

BibComment


ยังไม่เคยถูกคอมเมนท์

คอมเมนท์ทรัพยากรรายการนี้
  คอมเมนท์: 3 ศาสตร์ ขจัดโรค..


 Copyright 2026. Bcnsprnw @Library